| 000 | 00633nam a22001697a 4500 | ||
|---|---|---|---|
| 005 | 20140526141812.0 | ||
| 008 | 140526b xxu||||| |||| 00| 0 eng d | ||
| 020 | _a9780435078805 | ||
| 100 |
_9105 _aMeggitt, Carolyn |
||
| 245 |
_aChild development : an illustrated guide / _cCarolyn Meggitt. |
||
| 260 |
_aHarlow, Essex : _bPearson Education Limited, _c2012. |
||
| 300 |
_ax, 206 pages : _billustrations (colour) ; _c28 cm. _e+ 1 videodisc. |
||
| 500 | _aAccompanied by one DVD-ROM in pocket attached to inside back cover. | ||
| 504 | _aIncludes bibliographical references. | ||
| 650 | _aChild development. | ||
| 942 |
_2lcc _cBK |
||
| 999 |
_c37502 _d37502 |
||